Kariera klubowa Thierrego Henry - Statystyki

Ogólne statystyki
  • Ten quiz został rozwiązany 489 razy
  • Średni wynik to 4 z 6
Statystyki odpowiedzi
Lata gry Klub % Poprawnych
1999 - 2007 Arsenal
99%
2012 Arsenal
99%
2007 - 2010 FC Barcelona
91%
1994 - 1999 Monaco
47%
2010 - 2014 New York Red Bulls
45%
1999 Juventus
44%
Nie znaleziono quizów pasujących do podanych kryteriów
Rozkład punktacji
Procent ludzi z każdym wynikiem
Percentyl według liczby udzielonych odpowiedzi
Twoja historia wyników
Nie rozwiązałeś tego quizu